| Tag |
First Indicator |
Second Indicator |
Subfields |
| LEADER |
00000cam a2200000 a 4500 |
| 001 |
in00000036074 |
| 005 |
20151007055344.0 |
| 008 |
870428s1987 mnu b s00100 eng |
| 010 |
|
|
|a 87010939
|
| 020 |
|
|
|a 0816616353 :
|c $39.50
|
| 020 |
|
|
|a 0816616361 (pbk.) :
|c $14.95
|
| 035 |
|
|
|a (OCoLC)15696952
|
| 035 |
|
|
|9 AAB7997AM
|
| 040 |
|
|
|a DLC
|c DLC
|d TXA
|d UtOrBLW
|
| 049 |
|
|
|a TXAM
|c [A11115409]
|
| 050 |
0 |
0 |
|a HQ1206
|b .F45 1987
|
| 082 |
0 |
|
|a 305.4/2
|2 19
|
| 245 |
0 |
0 |
|a Feminism as critique :
|b on the politics of gender /
|c edited by Seyla Benhabib and Drucilla Cornell.
|
| 264 |
|
1 |
|a Minneapolis :
|b University of Minnesota Press,
|c [1987]
|
| 264 |
|
4 |
|c ©1987
|
| 300 |
|
|
|a 193 pages ;
|c 23 cm.
|
| 336 |
|
|
|a text
|b txt
|2 rdacontent
|
| 337 |
|
|
|a unmediated
|b n
|2 rdamedia
|
| 338 |
|
|
|a volume
|b nc
|2 rdacarrier
|
| 490 |
1 |
|
|a Feminist perspectives
|
| 504 |
|
|
|a Bibliography: pages [163]-189.
|
| 500 |
|
|
|a Includes index.
|
| 650 |
|
0 |
|a Feminist criticism.
|
| 650 |
|
0 |
|a Marxian school of sociology.
|
| 700 |
1 |
|
|a Benhabib, Seyla.
|
| 700 |
1 |
|
|a Cornell, Drucilla.
|
| 830 |
|
0 |
|a Feminist perspectives.
|
| 999 |
|
|
|a MARS
|
| 999 |
f |
f |
|s 9ae18edd-9b7f-3d53-9617-5f2362939d32
|i 3c7b8020-b95b-3a99-951e-3c9f8705a83a
|t 0
|
| 952 |
f |
f |
|p ric
|a Texas A&M University
|b Rellis Campus
|c Joint Library Facility
|d Remote Storage
|t 0
|e HQ1206 .F45 1987
|h Library of Congress classification
|i unmediated -- volume
|m A14811115409
|
| 998 |
f |
f |
|a HQ1206 .F45 1987
|t 0
|l Remote Storage
|